[Event "PRO League Group Stage"]
[Site "chess.com INT"]
[Date "2018.02.04"]
[Round "4"]
[White "Agrest, Inna"]
[Black "Stokke, Kjetil"]
[Result "0-1"]
[WhiteTitle "WIM"]
[BlackTitle "IM"]
[WhiteElo "2280"]
[BlackElo "2336"]
[WhiteTeam "Stockholm Snowballs"]
[BlackTeam "Oslo Trolls"]
[WhiteFideId "1708830"]
[BlackFideId "1502964"]
[EventDate "2018.01.18"]

1. e4 c6 2. d4 d5 3. Nc3 g6 4. Nf3 Bg7 5. h3 Nf6 6. Bd3 dxe4 7. Nxe4 Nxe4 8.
Bxe4 Nd7 9. O-O O-O 10. c3 Nf6 11. Bc2 Bf5 12. Bxf5 gxf5 13. Ne5 Nd7 14. Nd3 e6
15. Qf3 Nf6 16. Nf4 Kh8 17. Re1 Rg8 18. Nd3 Qd5 19. Ne5 Raf8 20. Qxd5 Nxd5 21.
Bd2 Nb6 22. a4 Bxe5 23. dxe5 Nc4 24. Bh6 Rd8 25. b3 Nd2 26. b4 Nc4 27. Bf4 Rd3
28. Rad1 Rgd8 29. Rxd3 Rxd3 30. Rc1 Nb6 31. Bg5 Nd5 32. c4 Nxb4 33. Rb1 a5 34.
Be7 Rd7 35. Bxb4 axb4 36. Rxb4 f4 37. Kf1 Kg7 38. Ke2 Kg6 39. a5 Kf5 40. Ra4
Kxe5 41. a6 bxa6 42. Rxa6 Rc7 43. Kd3 c5 44. Ra5 f5 45. Kc3 f3 46. g3 h5 47. Kd3
f4 48. g4 hxg4 49. hxg4 Rd7+ 50. Kc3 Ke4 51. Rxc5 Rg7 52. g5 e5 53. Ra5 Rxg5 54.
c5 Rg1 55. Ra2 Kd5 56. Kb4 Rb1+ 57. Kc3 Rc1+ 58. Kd2 Rxc5 59. Ra8 Ke4 60. Ra4+
Kf5 61. Ra8 Rb5 62. Rf8+ Ke4 63. Ra8 Rb2+ 64. Ke1 Rb1+ 65. Kd2 Rf1 66. Ra4+ Kf5
67. Kd3 Rxf2 68. Rb4 Re2 0-1

[Event "PRO League Group Stage"]
[Site "chess.com INT"]
[Date "2018.02.04"]
[Round "4"]
[White "Agrest, Inna"]
[Black "Kunitson, Nikolai"]
[Result "0-1"]
[WhiteTitle "WIM"]
[WhiteElo "2280"]
[BlackElo "2053"]
[WhiteTeam "Stockholm Snowballs"]
[BlackTeam "Estonia Horses"]
[WhiteFideId "1708830"]
[BlackFideId "4502426"]
[EventDate "2018.01.18"]

1. e4 c5 2. Nf3 d6 3. d4 cxd4 4. Nxd4 Nf6 5. Nc3 a6 6. Bg5 Nbd7 7. Bc4 e6 8. Bb3
Nc5 9. f3 Be7 10. Qd2 Nfxe4 11. Bxe7 Nxd2 12. Bxd8 Ndxb3 13. axb3 Kxd8 14. b4
Nd7 15. b5 d5 16. Kf2 Ne5 17. Rhe1 Nc4 18. b3 Nd6 19. Ra2 Kc7 20. Rea1 Rd8 21.
Nde2 Rb8 22. bxa6 bxa6 23. Nf4 Bb7 24. Nd3 Rdc8 25. Na4 Kd8 26. Nac5 Ke7 27. b4
Nb5 28. Nxb7 Rxb7 29. Nc5 Rbc7 30. Rxa6 Nd4 31. c3 Nb5 32. Rc1 Rb8 33. Ra5 Rb6
34. Ke3 e5 35. Kd3 f6 36. Rca1 f5 37. Ra6 e4+ 38. Kd2 Rb8 39. Re6+ Kf7 40. Re5
d4 41. cxd4 Nxd4 42. Rb1 exf3 43. Ke3 fxg2 44. Rg1 Rxb4 45. Rxg2 g6 46. Ra2 Nc6
47. Rd5 Ne7 48. Re5 Rc4 49. Nd3 R4c6 50. Rea5 Re6+ 51. Re5 Rxe5+ 52. Nxe5+ Kf6
53. Nd3 Rc6 54. Ra8 Re6+ 55. Kf3 Nd5 56. Nc5 Re3+ 57. Kf2 Rc3 58. Ra6+ Kg5 59.
Ne6+ Kg4 60. Ra7 Rc2+ 61. Kg1 h6 62. Ra5 Ne3 63. Ra4+ Kh5 64. Nf4+ Kg5 65. Ne6+
Kf6 66. Nd4 Rg2+ 67. Kh1 Rd2 68. Nf3 Rd1+ 69. Ng1 g5 70. h3 f4 71. Kh2 Rd2+ 72.
Kh1 Rf2 73. Ra5 h5 74. Rb5 g4 75. hxg4 hxg4 76. Rb6+ Kg5 77. Rb5+ Kh4 78. Rb8
Kg3 79. Rh8 Rb2 80. Rh7 Ng2 81. Rh2 f3 82. Rh8 Nh4 83. Nxf3 gxf3 84. Rg8+ Kf4
85. Rf8+ Nf5 0-1

[Event "PRO League Group Stage"]
[Site "chess.com INT"]
[Date "2018.02.04"]
[Round "4"]
[White "Kanep, Siim"]
[Black "Roberson, Peter T"]
[Result "0-1"]
[BlackTitle "IM"]
[WhiteElo "2180"]
[BlackElo "2412"]
[WhiteTeam "Estonia Horses"]
[BlackTeam "London Towers"]
[WhiteFideId "4501691"]
[BlackFideId "412384"]
[EventDate "2018.01.18"]

1. d4 e6 2. c4 Nf6 3. Nf3 c5 4. d5 d6 5. Nc3 exd5 6. cxd5 g6 7. Bf4 Bg7 8. h3
O-O 9. e3 Na6 10. Be2 Nc7 11. a4 Re8 12. O-O Rb8 13. Qb3 a6 14. a5 Na8 15. Nd2
b5 16. axb6 Nxb6 17. Rfd1 Bb7 18. e4 Bxd5 19. Qc2 Bc6 20. Rxa6 Re6 21. Nc4 Nxe4
22. Na5 Nxc3 23. bxc3 Ba4 24. Qd2 Bxd1 25. Qxd1 Ra8 26. Nc6 Qc7 27. Rxa8+ Nxa8
28. Bf3 Nb6 29. Qb3 h5 30. c4 Nd7 31. Bd5 Re1+ 32. Kh2 Ne5 33. Nb8 Re2 34. Na6
Qe7 35. Qb8+ Kh7 36. Nc7 Rxf2 37. Bg3 Rb2 38. Qc8 Qd7 39. Qxd7 Nxd7 40. Bxd6
Be5+ 41. Bxe5 Nxe5 42. Na6 Rc2 43. Nxc5 Nxc4 44. Be4 Rc1 45. Nd3 Rc3 46. Nf4 Kg7
47. Bd5 Ne5 48. Ne2 Ra3 49. Be4 f5 50. Bd5 h4 51. Nf4 Kf6 52. Kg1 Ra4 53. Ne2
Ra5 54. Bb7 Rb5 55. Ba8 Rb2 56. Kf2 Kg5 57. Bd5 Nd3+ 58. Ke3 Ne5 59. Nd4 f4+ 60.
Ke4 Kf6 61. Kxf4 Rb4 62. Ke3 Nd7 63. Bf3 Ne5 64. Be4 g5 65. Nf3 Nxf3 66. Bxf3
Ke5 67. Bc6 Rb3+ 68. Kf2 Kf4 69. Bf3 Rb2+ 70. Be2 Ra2 71. Ke1 Kg3 0-1

[Event "PRO League Group Stage"]
[Site "chess.com INT"]
[Date "2018.02.04"]
[Round "4"]
[White "Agrest, Inna"]
[Black "Chizhikov, Vladislav"]
[Result "1-0"]
[WhiteTitle "WIM"]
[BlackTitle "FM"]
[WhiteElo "2280"]
[BlackElo "2313"]
[WhiteTeam "Stockholm Snowballs"]
[BlackTeam "Volga Stormbringers"]
[WhiteFideId "1708830"]
[BlackFideId "4178157"]
[EventDate "2018.01.18"]

1. e4 e6 2. d4 d5 3. Nc3 Bb4 4. a3 Bxc3+ 5. bxc3 dxe4 6. Qg4 Nf6 7. Qxg7 Rg8 8.
Qh6 Rg6 9. Qd2 b6 10. c4 Bb7 11. Bb2 Nbd7 12. Ne2 Qe7 13. h3 O-O-O 14. O-O-O c5
15. Nf4 Rgg8 16. d5 exd5 17. cxd5 Qd6 18. g3 Ne5 19. Qc3 Rge8 20. Bb5 Re7 21.
Rhe1 Kb8 22. Bf1 Nfd7 23. Rxe4 f5 24. Ree1 Rde8 25. Bg2 a6 26. Ne6 Ng6 27. h4
Ngf8 28. Nxf8 Nxf8 29. Rxe7 Rxe7 30. Qf6 Qxf6 31. Bxf6 Rf7 32. Be5+ Ka7 33. Bh3
Nd7 34. Bf4 Nf6 35. d6 Nd7 36. Re1 Be4 37. f3 Bxf3 38. Re7 Bd5 39. Rxf7 Bxf7 40.
Bxf5 Be8 41. Bxh7 Nf6 42. Bf5 Kb7 43. Bg5 Nd7 44. h5 Kc6 45. h6 Nf8 46. Be7 Ng6
47. h7 Nh8 48. Bf6 Bg6 49. Bxg6 Nxg6 50. h8=Q Nxh8 51. Bxh8 Kxd6 52. Kd2 Kd5 53.
Kc3 1-0

[Event "PRO League Group Stage"]
[Site "chess.com INT"]
[Date "2018.02.04"]
[Round "4"]
[White "Agrest, Inna"]
[Black "Reimanis, Ritvars"]
[Result "1/2-1/2"]
[WhiteTitle "WIM"]
[BlackTitle "FM"]
[WhiteElo "2280"]
[BlackElo "2335"]
[WhiteTeam "Stockholm Snowballs"]
[BlackTeam "Riga Magicians"]
[WhiteFideId "1708830"]
[BlackFideId "11602988"]
[EventDate "2018.01.18"]

1. e4 e6 2. d4 d5 3. Nc3 c6 4. Nf3 f5 5. exf5 exf5 6. Bd3 Nf6 7. O-O Bd6 8. Ne2
O-O 9. Bf4 Qc7 10. Qc1 Ne4 11. c4 Be6 12. c5 Bxf4 13. Nxf4 Bf7 14. Ne5 Nd7 15.
Nxd7 Qxd7 16. f3 Nf6 17. Qc2 g6 18. b4 a6 19. a4 Qc7 20. g3 Rfe8 21. Rfe1 Re7
22. Qd2 Rae8 23. b5 Rxe1+ 24. Rxe1 axb5 25. axb5 b6 26. Rxe8+ Bxe8 27. Qe3 bxc5
28. dxc5 cxb5 29. Qe6+ Qf7 30. Qd6 Qf8 31. Qc7 b4 32. Ne6 Qf7 33. Qd6 Bd7 34.
Nd4 Ne8 35. Qe5 Bc8 36. c6 Nc7 37. Bc2 Qg7 38. Qe3 Qf6 39. Bb3 Kg7 40. Qf4 Qe7
41. Kg2 h6 42. h4 Kh7 43. Bc2 h5 44. Bd3 Kg8 1/2-1/2

[Event "PRO League Group Stage"]
[Site "chess.com INT"]
[Date "2018.02.04"]
[Round "4"]
[White "Reimanis, Ritvars"]
[Black "Dek, Lennart"]
[Result "1-0"]
[WhiteTitle "FM"]
[BlackTitle "FM"]
[WhiteElo "2335"]
[BlackElo "2279"]
[WhiteTeam "Riga Magicians"]
[BlackTeam "Amsterdam Mosquitoes"]
[WhiteFideId "11602988"]
[BlackFideId "1013114"]
[EventDate "2018.01.18"]

1. d4 d5 2. c4 c6 3. Nf3 Nf6 4. e3 a6 5. Bd2 Bg4 6. Qb3 Ra7 7. Ne5 Be6 8. c5
Nbd7 9. Nd3 g6 10. Be2 Bg7 11. Nc3 O-O 12. Qd1 Re8 13. O-O Ne4 14. Nf4 Nf8 15.
Nxe4 dxe4 16. Nxe6 Nxe6 17. Bc4 Nc7 18. Ba5 e5 19. Qb3 Re7 20. Rad1 exd4 21.
exd4 Qd7 22. Qb6 Ra8 23. Qxb7 Nb5 24. Qxa8+ Re8 25. Qxa6 Bxd4 26. Bxb5 cxb5 27.
Qd6 1-0

[Event "PRO League Group Stage"]
[Site "chess.com INT"]
[Date "2018.02.04"]
[Round "4"]
[White "Reimanis, Ritvars"]
[Black "Thorfinnsson, Bjorn"]
[Result "0-1"]
[WhiteTitle "FM"]
[BlackTitle "IM"]
[WhiteElo "2335"]
[BlackElo "2400"]
[WhiteTeam "Riga Magicians"]
[BlackTeam "Reykjavik Puffins"]
[WhiteFideId "11602988"]
[BlackFideId "2300982"]
[EventDate "2018.01.18"]

1. d4 d5 2. e3 Nf6 3. f4 c5 4. Nf3 Nc6 5. c3 Bg4 6. Be2 e6 7. Ne5 Bxe2 8. Qxe2
Ne4 9. O-O Nxe5 10. fxe5 Be7 11. Qb5+ Qd7 12. Qxd7+ Kxd7 13. Rxf7 Raf8 14. Rf3
Bg5 15. Na3 h5 16. Kf1 h4 17. h3 cxd4 18. cxd4 Be7 19. Nb1 g5 20. Nc3 g4 21.
hxg4 Rxf3+ 22. gxf3 h3 23. Nxe4 dxe4 24. Bd2 h2 25. Kg2 h1=Q+ 26. Rxh1 exf3+ 27.
Kg3 Rxh1 0-1

[Event "PRO League Group Stage"]
[Site "chess.com INT"]
[Date "2018.02.04"]
[Round "4"]
[White "Reimanis, Ritvars"]
[Black "Skuhala, Luka"]
[Result "1-0"]
[WhiteTitle "FM"]
[WhiteElo "2335"]
[BlackElo "2059"]
[WhiteTeam "Riga Magicians"]
[BlackTeam "Ljubljana Turtles"]
[WhiteFideId "11602988"]
[BlackFideId "14605678"]
[EventDate "2018.01.18"]

1. d4 Nf6 2. e3 e6 3. f4 d5 4. Nf3 Ne4 5. Bd3 Nd7 6. O-O b6 7. Nbd2 Ndf6 8. Ne5
Nd6 9. c3 Bb7 10. Qa4+ c6 11. Qc2 Be7 12. a4 O-O 13. a5 Rc8 14. b4 c5 15. Qb1
cxb4 16. cxb4 b5 17. a6 Ba8 18. Nb3 Nc4 19. Nc5 g6 20. Ra2 Nxe5 21. fxe5 Bxc5
22. bxc5 Ne4 23. Qb4 Bc6 24. Rf4 f5 25. exf6 Rxf6 26. Rxf6 Qxf6 27. Bxe4 dxe4
28. Rf2 Qg5 29. Qb3 Qd5 30. Qb4 Rf8 31. Rxf8+ Kxf8 32. Bd2 Qc4 33. Qa5 Qe2 34.
h3 b4 35. Qxb4 Qb5 36. Qa3 Kf7 37. Kh2 h5 38. Qa1 Qb8+ 39. Kg1 g5 40. Be1 h4 41.
Qa5 Kg6 42. Qd2 Qb5 43. g3 hxg3 44. Bxg3 Qxa6 45. Be5 Qb7 46. Qg2 Qh7 47. Kh2
Qh4 48. Qa2 Bd5 49. Qg2 a5 50. Bg3 Qh5 51. Qd2 a4 52. Qa5 Qe2+ 53. Kh1 Qd1+ 54.
Kg2 Qf3+ 55. Kh2 Qxe3 56. Qxa4 Qe2+ 57. Kg1 e3 58. Qe8+ Kf5 59. Qf7+ Ke4 60. Qf1
Qc2 61. Qg2+ Kxd4 62. Qxc2 1-0

[Event "PRO League Group Stage"]
[Site "chess.com INT"]
[Date "2018.02.04"]
[Round "4"]
[White "Reimanis, Ritvars"]
[Black "Connell, Blair N"]
[Result "1/2-1/2"]
[WhiteTitle "FM"]
[WhiteElo "2335"]
[BlackElo "2234"]
[WhiteTeam "Riga Magicians"]
[BlackTeam "London Towers"]
[WhiteFideId "11602988"]
[BlackFideId "403725"]
[EventDate "2018.01.18"]

1. d4 d5 2. e3 Nf6 3. f4 c5 4. Nf3 Nc6 5. c3 Bf5 6. Bd3 Bxd3 7. Qxd3 Ne4 8. Nbd2
f5 9. Ne5 Nxd2 10. Bxd2 Nxe5 11. fxe5 e6 12. O-O Qd7 13. a4 Be7 14. g4 g6 15.
gxf5 gxf5 16. Kh1 c4 17. Qc2 O-O 18. b4 Kh8 19. Rg1 Rg8 20. Rxg8+ Rxg8 21. Be1
Qe8 22. Qe2 Qg6 23. Bg3 Qg4 24. Qxg4 Rxg4 25. Kg2 h5 26. h3 Rg6 27. Kf3 Kg7 28.
a5 Kf7 29. Bf4 Ke8 30. b5 Bd8 31. a6 b6 32. Rh1 Kf7 33. Bg3 Be7 34. Ra1 Bd8 35.
Bf2 Be7 36. Rg1 Rxg1 37. Bxg1 Kg6 38. Bf2 h4 39. Be1 Kh5 40. Bd2 Bf8 41. Bc1 Be7
42. Bd2 Bf8 43. Be1 Be7 44. Bf2 Bf8 45. Bg1 Be7 46. Bf2 Bf8 47. Ke2 Be7 48. Be1
Bf8 49. Bf2 Be7 50. Be1 Bf8 51. Bf2 Be7 52. Be1 1/2-1/2

[Event "PRO League Group Stage"]
[Site "chess.com INT"]
[Date "2018.02.04"]
[Round "4"]
[White "Holm, Kristian Stuvik"]
[Black "Fontaine, Robert"]
[Result "1/2-1/2"]
[WhiteTitle "IM"]
[BlackTitle "GM"]
[WhiteElo "2436"]
[BlackElo "2563"]
[WhiteTeam "Oslo Trolls"]
[BlackTeam "Cannes Blockbusters"]
[WhiteFideId "1508083"]
[BlackFideId "605590"]
[EventDate "2018.01.18"]

1. d4 d5 2. c4 c6 3. cxd5 cxd5 4. Nc3 Nc6 5. e4 e6 6. Nf3 dxe4 7. Nxe4 Nf6 8.
Bd3 Nb4 9. Nxf6+ gxf6 10. Bc4 Nd5 11. O-O Bg7 12. Re1 a6 13. Nh4 O-O 14. Qh5 f5
15. Bh6 Bxh6 16. Qxh6 Qf6 17. Qxf6 Nxf6 18. Rad1 b5 19. Bb3 Bb7 20. d5 Bxd5 21.
Nxf5 Bxb3 22. Ne7+ Kg7 23. axb3 Rfd8 24. f3 Rxd1 25. Rxd1 Re8 26. Nc6 Rc8 27.
Ne5 Nd5 28. Rd2 Rc1+ 29. Kf2 Kf6 30. Nd3 Rh1 31. Nc5 a5 32. Kg3 Ne3 33. Kf2 Nd5
34. Kg3 Rc1 35. Nb7 a4 36. bxa4 bxa4 37. Nd6 Ke7 38. Nb5 f5 39. Kh4 Kf6 40. g4
f4 41. Kh5 Rc5 42. g5+ Ke7 43. Nc3 Nxc3 44. bxc3 Rxc3 45. Rd4 Rxf3 46. Rxa4 Rh3+
47. Kg4 Rxh2 48. Ra7+ Kd6 49. Kxf4 Rh1 50. Ra6+ Ke7 51. Ra7+ Kd6 52. Ra6+ Ke7
53. Ra7+ Kd6 54. Ra6+ 1/2-1/2

[Event "PRO League Group Stage"]
[Site "chess.com INT"]
[Date "2018.02.04"]
[Round "4"]
[White "Holm, Kristian Stuvik"]
[Black "Vachier-Lagrave, Maxime"]
[Result "1/2-1/2"]
[WhiteTitle "IM"]
[BlackTitle "GM"]
[WhiteElo "2436"]
[BlackElo "2793"]
[WhiteTeam "Oslo Trolls"]
[BlackTeam "Marseille Migraines"]
[WhiteFideId "1508083"]
[BlackFideId "623539"]
[EventDate "2018.01.18"]

1. d4 Nf6 2. c4 g6 3. Nc3 d5 4. Bg5 Bg7 5. Bxf6 Bxf6 6. cxd5 c5 7. Nf3 cxd4 8.
Nxd4 O-O 9. e3 Qb6 10. Nb3 Rd8 11. Be2 e6 12. Rc1 Bxc3+ 13. Rxc3 exd5 14. O-O
Nc6 15. Rc5 Be6 16. Rb5 Qc7 17. Nd4 Nxd4 18. Qxd4 b6 19. Rb3 Qc5 20. Rc3 Qxd4
21. exd4 Rac8 22. Rfc1 Rxc3 23. Rxc3 Rc8 24. Rxc8+ Bxc8 25. Bd3 Kg7 26. Kf1 Kf6
27. Ke2 Bf5 28. Bxf5 Kxf5 29. Kf3 h5 30. h3 h4 31. g4+ hxg3 32. fxg3 g5 33. g4+
Kg6 34. b4 b5 35. a3 f5 36. Kf2 fxg4 37. hxg4 1/2-1/2

[Event "PRO League Group Stage"]
[Site "chess.com INT"]
[Date "2018.02.04"]
[Round "4"]
[White "Pantsulaia, Levan"]
[Black "Grigoriants, Sergey"]
[Result "1-0"]
[WhiteTitle "GM"]
[BlackTitle "GM"]
[WhiteElo "2605"]
[BlackElo "2568"]
[WhiteTeam "Stockholm Snowballs"]
[BlackTeam "Volga Stormbringers"]
[WhiteFideId "13602071"]
[BlackFideId "4130804"]
[EventDate "2018.01.18"]

1. Nf3 d5 2. g3 g6 3. c4 dxc4 4. Na3 Bg7 5. Nxc4 Nc6 6. d3 e5 7. Bd2 Nge7 8. Bg2
O-O 9. O-O a5 10. b3 Be6 11. Rc1 f6 12. Bc3 Qd7 13. Qd2 a4 14. b4 e4 15. dxe4
Qxd2 16. Nfxd2 Rfd8 17. a3 Nd4 18. Rfe1 Rd7 19. Bxd4 Rxd4 20. e3 Rd7 21. e5 Bd5
22. Bh3 Rdd8 23. exf6 Bxf6 24. e4 Bxc4 25. Nxc4 Bd4 26. Rc2 Kg7 27. Na5 Bb6 28.
Nxb7 Rd3 29. Ra1 Bd4 30. Raa2 c6 31. Rd2 Rxd2 32. Rxd2 Bc3 33. Rd7 Kf8 34. Nc5
Bb2 35. Rd3 Kg7 36. f4 g5 37. Ne6+ 1-0

[Event "PRO League Group Stage"]
[Site "chess.com INT"]
[Date "2018.02.04"]
[Round "4"]
[White "Holm, Kristian Stuvik"]
[Black "Tran, Tuan Minh"]
[Result "0-1"]
[WhiteTitle "IM"]
[BlackTitle "GM"]
[WhiteElo "2436"]
[BlackElo "2548"]
[WhiteTeam "Oslo Trolls"]
[BlackTeam "London Lions"]
[WhiteFideId "1508083"]
[BlackFideId "12401820"]
[EventDate "2018.01.18"]

1. d4 Nf6 2. c4 e6 3. Nc3 Bb4 4. Qc2 O-O 5. Nf3 c5 6. dxc5 Na6 7. g3 Nxc5 8. Bg2
Nce4 9. O-O Nxc3 10. bxc3 Be7 11. e4 d6 12. e5 dxe5 13. Nxe5 Qc7 14. Qe2 Ne8 15.
a4 Nd6 16. Ba3 f6 17. c5 Nf5 18. Nd3 Rb8 19. Nf4 e5 20. Nd5 Qd8 21. g4 Nh4 22.
c6 Bd6 23. c7 Bxc7 24. Nxc7 Qxc7 25. Bxf8 Nxg2 26. Kxg2 Kxf8 27. f3 Be6 28. Rfd1
Re8 29. Rab1 Re7 30. Qe3 b6 31. Rd2 Bd7 32. a5 bxa5 33. Qe4 Bc6 34. Qxh7 e4 35.
Qh8+ Kf7 36. Rb8 exf3+ 37. Kh3 Qe5 38. Rf8+ Kg6 39. Qh4 f2 40. Qh5+ Qxh5+ 41.
gxh5+ Kxh5 42. Rh8+ Kg5 43. Rxf2 Re3+ 0-1

[Event "PRO League Group Stage"]
[Site "chess.com INT"]
[Date "2018.02.04"]
[Round "4"]
[White "Kanep, Siim"]
[Black "Atalik, Suat"]
[Result "0-1"]
[BlackTitle "GM"]
[WhiteElo "2180"]
[BlackElo "2538"]
[WhiteTeam "Estonia Horses"]
[BlackTeam "Amsterdam Mosquitoes"]
[WhiteFideId "4501691"]
[BlackFideId "14401487"]
[EventDate "2018.01.18"]

1. d4 d5 2. Nf3 Nf6 3. c4 e6 4. Nc3 c6 5. e3 Nbd7 6. Bd3 Be7 7. O-O O-O 8. e4
dxe4 9. Nxe4 c5 10. Nxf6+ Nxf6 11. dxc5 Qa5 12. Qe2 Qxc5 13. Bg5 Rd8 14. Rfd1
Bd7 15. Ne5 Be8 16. b4 Qxb4 17. Rab1 Qc5 18. Rxb7 Rab8 19. Rxe7 Qxe7 20. Ng4 Ba4
21. Nxf6+ gxf6 22. Qe4 f5 23. Qh4 Rxd3 24. Rf1 f6 25. Bxf6 Qf7 26. Be5 Rbd8 27.
Qg5+ Qg6 28. Qe7 Bc6 29. g3 R3d7 0-1

[Event "PRO League Group Stage"]
[Site "chess.com INT"]
[Date "2018.02.04"]
[Round "4"]
[White "Kanep, Siim"]
[Black "Skoberne, Jure"]
[Result "0-1"]
[BlackTitle "GM"]
[WhiteElo "2180"]
[BlackElo "2553"]
[WhiteTeam "Estonia Horses"]
[BlackTeam "Ljubljana Turtles"]
[WhiteFideId "4501691"]
[BlackFideId "14604299"]
[EventDate "2018.01.18"]

1. d4 Nf6 2. Bg5 d5 3. e3 c5 4. c3 Nc6 5. Nd2 e5 6. dxe5 Nxe5 7. Ngf3 Nc6 8. Bd3
Be7 9. O-O O-O 10. Re1 Bg4 11. Qc2 h6 12. Bxf6 Bxf6 13. Bh7+ Kh8 14. Bf5 Bxf3
15. Nxf3 g6 16. Bh3 Qc7 17. Rad1 Rad8 18. g3 Qb6 19. Bg2 d4 20. cxd4 cxd4 21.
exd4 Nxd4 22. Nxd4 Bxd4 23. Rd2 Rd6 24. Rde2 Kg7 25. Re7 Qxb2 26. Qxb2 Bxb2 27.
Rxb7 Bd4 28. Rb3 Rc8 29. Rf1 Rc2 30. a4 Ra2 31. Rb4 Bb6 32. h4 Rd3 33. g4 Rda3
34. Bc6 Rh3 35. Rf4 Raa3 36. Kg2 Bc7 37. Rf3 Rhxf3 38. Bxf3 Rxa4 39. Rd1 Ra2 40.
Bd5 Ra4 41. f3 Bb6 42. Re1 Rd4 43. Be4 Rd2+ 44. Kh3 Bc7 45. Rh1 Bf4 46. Bc6 a5
47. Bb5 Rb2 48. Ba4 Ra2 49. Bb3 Rf2 50. Bd5 a4 0-1

[Event "PRO League Group Stage"]
[Site "chess.com INT"]
[Date "2018.02.04"]
[Round "4"]
[White "Holm, Kristian Stuvik"]
[Black "Meier, Georg"]
[Result "0-1"]
[WhiteTitle "IM"]
[BlackTitle "GM"]
[WhiteElo "2436"]
[BlackElo "2647"]
[WhiteTeam "Oslo Trolls"]
[BlackTeam "Stockholm Snowballs"]
[WhiteFideId "1508083"]
[BlackFideId "4675789"]
[EventDate "2018.01.18"]

1. d4 Nf6 2. c4 e6 3. Nf3 d5 4. Nc3 dxc4 5. e4 Bb4 6. Bxc4 Nxe4 7. O-O Nf6 8.
Qa4+ Nc6 9. Ne5 a5 10. Nxc6 bxc6 11. Qxc6+ Bd7 12. Qf3 Rb8 13. d5 e5 14. Qg3 O-O
15. Qxe5 Bd6 16. Qg5 Re8 17. h3 h6 18. Qd2 Qe7 19. Qd4 c5 20. dxc6 Bxc6 21. Bf4
Bc5 22. Qd2 Rbd8 23. Qc1 Ne4 24. Be3 Bd6 25. Ne2 Ba8 26. Rd1 Rc8 27. b3 Ng5 28.
Nf4 Bxf4 29. Bxf4 Qe4 30. f3 Nxf3+ 31. gxf3 Qxf3 32. Qd2 Qh1+ 33. Kf2 Qg2# 0-1

[Event "PRO League Group Stage"]
[Site "chess.com INT"]
[Date "2018.02.04"]
[Round "4"]
[White "Pantsulaia, Levan"]
[Black "Kanep, Siim"]
[Result "1-0"]
[WhiteTitle "GM"]
[WhiteElo "2605"]
[BlackElo "2180"]
[WhiteTeam "Stockholm Snowballs"]
[BlackTeam "Estonia Horses"]
[WhiteFideId "13602071"]
[BlackFideId "4501691"]
[EventDate "2018.01.18"]

1. Nf3 Nf6 2. g3 d5 3. Bg2 c6 4. c4 dxc4 5. O-O g6 6. Na3 Bg7 7. Nxc4 O-O 8. Qc2
Na6 9. a3 Bf5 10. d3 Qc8 11. b4 Bh3 12. Bb2 Bxg2 13. Kxg2 Nc7 14. Na5 Rd8 15.
Be5 Ne6 16. Rac1 h5 17. Qb2 Qd7 18. Rc4 Nd5 19. Bxg7 Nxg7 20. Ne5 Qc7 21. Rfc1
Nb6 22. Rf4 Rf8 23. h4 Ne6 24. Re4 Na4 25. Qb3 Nac5 26. bxc5 Qxa5 27. Nxg6 Nxc5
28. Nxe7+ Kh7 29. Qb4 Qxb4 30. Rxb4 a5 31. Rb2 Rfe8 32. Rxc5 Rxe7 33. Rxh5+ Kg6
34. Rg5+ Kf6 35. e3 b5 36. Rc5 Ra6 37. d4 Rb7 38. d5 cxd5 39. Rbxb5 Rxb5 40.
Rxb5 Ke5 41. Kf3 Kd6 42. a4 1-0

[Event "PRO League Group Stage"]
[Site "chess.com INT"]
[Date "2018.02.07"]
[Round "5"]
[White "Andreikin, Dmitry"]
[Black "Petrosyan, Manuel"]
[Result "1-0"]
[WhiteTitle "GM"]
[BlackTitle "GM"]
[WhiteElo "2712"]
[BlackElo "2570"]
[WhiteTeam "Volga Stormbringers"]
[BlackTeam "Armenia Eagles"]
[WhiteFideId "4158814"]
[BlackFideId "13300857"]
[EventDate "2018.01.18"]

1. e4 e5 2. Nf3 Nc6 3. Bc4 Bc5 4. O-O Nf6 5. d3 d6 6. a4 h6 7. a5 a6 8. Be3 Bxe3
9. fxe3 O-O 10. Nc3 Be6 11. Nd5 Bxd5 12. Bxd5 Nxd5 13. exd5 Ne7 14. c4 c5 15.
Qd2 b5 16. axb6 Qxb6 17. Qc3 Rfb8 18. Ra2 Qb3 19. Rfa1 Qxc3 20. bxc3 Rb6 21. d4
exd4 22. cxd4 cxd4 23. exd4 Nf5 24. Kf2 Re8 25. c5 dxc5 26. dxc5 Rb5 27. Rc1 g5
28. d6 Rd8 29. Rd2 g4 30. Nd4 Nxd6 31. cxd6 Rxd6 32. Kg3 Rbd5 33. Rcd1 h5 34.
Kf4 Kh7 35. Nb3 Rxd2 36. Rxd2 Rxd2 37. Nxd2 Kg6 38. Nc4 f6 39. g3 f5 40. Ne5+
Kf6 41. Nc6 Kg6 42. Ne7+ Kf6 43. Nd5+ Kg6 44. Ne7+ Kf6 45. Nxf5 a5 46. Nd6 a4
47. Nc4 Kg6 48. Ke5 Kg5 49. Kd4 Kf5 50. Ne3+ Kf6 51. Ng2 a3 52. Kc3 Kf5 53. Nf4
h4 54. Nd3 Ke4 55. gxh4 Kf5 56. Kb3 Kg6 57. Nf4+ Kf5 58. h5 Kg5 59. Kxa3 Kf5 60.
Kb4 Kg5 61. Kc5 Kf5 62. Kd6 g3 63. hxg3 1-0

[Event "PRO League Group Stage"]
[Site "chess.com INT"]
[Date "2018.02.07"]
[Round "5"]
[White "Andreikin, Dmitry"]
[Black "Ter-Sahakyan, Samvel"]
[Result "1-0"]
[WhiteTitle "GM"]
[BlackTitle "GM"]
[WhiteElo "2712"]
[BlackElo "2563"]
[WhiteTeam "Volga Stormbringers"]
[BlackTeam "Armenia Eagles"]
[WhiteFideId "4158814"]
[BlackFideId "13302531"]
[EventDate "2018.01.18"]

1. e4 e5 2. Nf3 Nf6 3. Nxe5 d6 4. Nf3 Nxe4 5. Bd3 d5 6. O-O Be7 7. Re1 Nc5 8.
Bf1 O-O 9. d4 Ne4 10. c4 Bb4 11. Nbd2 Nxd2 12. Bxd2 Bxd2 13. Qxd2 Nc6 14. Rac1
Bg4 15. Ne5 Nxe5 16. Rxe5 dxc4 17. Bxc4 Qd6 18. h3 Be6 19. Bxe6 fxe6 20. Qe3 Rf6
21. Re1 Rd8 22. Re4 Qd5 23. Qa3 a6 24. Qc3 c6 25. a4 h6 26. Qb4 Rd7 27. R1e3 Qf5
28. Re2 Qd5 29. Qc3 Kh8 30. b4 Qf5 31. Re5 Qf4 32. R5e4 Qf5 33. a5 Rd5 34. Re5
Rxe5 35. dxe5 Rf7 36. Qd4 Qb1+ 37. Kh2 Qc1 38. Rd2 Rf5 39. f4 Qf1 40. Rf2 Qe1
41. g4 Rf7 42. Kg2 Qb1 43. f5 Qb3 44. Rf3 Qa2+ 45. Kg3 Qe2 46. Rf2 Qe1 47. Kg2
Qb1 48. f6 Qb3 49. h4 gxf6 50. exf6 Qd5+ 51. Qxd5 cxd5 52. Kg3 Kh7 53. g5 hxg5
54. hxg5 Kg6 55. Kf4 d4 56. Rh2 e5+ 57. Kxe5 Kxg5 58. Rg2+ Kh6 59. Ke6 1-0